00425nam a2200145Ia 4500008004100000041000900041082001800050100001600068245003000084260003700114300000800151650000800159999001700167952009500184230718s9999 xx 000 0 und d aEng. a658.42bMAS-L aMasud, Ross 0aLaw and order internation aPakistanbManyeol kaw bookc2009 a337 aLaw c29282d29282 00104070aSIRC-LbSIRC-Ld2023-07-18l0o658.42 MAS-Lp24233r2023-07-18w2023-07-18yBK